000 00657nam a2200217 i 4500
001 169810
003 ES-MaACL
005 20250809070335.0
008 081201s1994 fr |||| | fre d
020 _a2-253-00313-1
080 _a821.133.1-31"19"
100 1 _aDorgelès, Roland.
_9138969
245 1 4 _aLes croix de bois /
_cRoland Dorgelès.
260 _a[Paris] :
_bAlbin Michel,
_c[1994]
300 _a285 p. ;
_c17 cm.
490 1 _aLe livre de poche ;
_v189
500 _aÍndice.
830 0 3 _aLe livre de poche
_v189
_9179656
852 4 _aES-MaACL
_jE-12297
_9R.190481
_z- Biblioteca Jacinto Martínez Lacalle
999 _c169810
_d169810